Persian Gulf Country Coastlines Quiz Stats

 Plays Quiz Updated Aug 17, 2012

Challenge
Share
Tweet
Embed
Score 0/8 Timer 01:00
0 Plays Today
Rank Country % Correct
1st???
90.4%
3rd???
70.1%
2nd???
59.3%
4th???
49.5%
5th???
47.9%
8th???
43.7%
7th???
43.6%
6th???
41.9%

You're not logged in!

Compare scores with friends on all Sporcle quizzes.
OR
Log In

You Might Also Like...

Show Comments

Extras

Top Quizzes Today


Score Distribution

Your Account Isn't Verified!

In order to create a playlist on Sporcle, you need to verify the email address you used during registration. Go to your Sporcle Settings to finish the process.

Report this User

Report this user for behavior that violates our Community Guidelines.

Details: